Amulet. Book five, Prince of the elves (Record no. 105226)

MARC details
000 -LÍDER
campo de controle de tamanho fixo 00867 a2200301 4500
001 - NÚMERO DE CONTROLE
campo de controle 105226
003 - IDENTIFICADOR DO NÚMERO DE CONTROLE
campo de controle OSt
005 - DATA E HORÁRIO DA ÚLTIMA TRANSAÇÃO
campo de controle 20240528114718.0
008 - CAMPO DE DADOS FIXOS--INFORMAÇÃO GERAL
campo de controle de tamanho fixo 240528b |||||||| |||| 00| 0 POR d
020 ## - ISBN - INTERNATIONAL STANDARD BOOK NUMBER
ISBN - International Standard Book Number 9780545208895
040 ## - FONTE DA CATALOGAÇÃO
Instituição da catalogação original BR-BrIDEA
Instituição que transcreveu o registro BR-BrIDEA
041 ## - CÓDIGO DE IDIOMA
Código do idioma do texto/trilha sonora ou título diferente por
090 ## - NÚMERO DE CHAMADA LOCAL
Número de chamada (OCLC) (R); Número de chamada, CALL (RLIN) (NR) Year 8 741
100 ## - ENTRADA PRINCIPAL--NOME PESSOAL
Nome pessoal Kibuishi, Kazu
Datas associadas ao nome 1978
245 10 - TÍTULO
Título Amulet. Book five, Prince of the elves
Indicação de responsabilidade, etc. Kazu Kibuishi
246 ## - FORMA VARIANTE DO TÍTULO
Título/título abreviado Prince of the elves
250 ## - EDIÇÃO
Edição 1st ed., September 2012.
260 ## - PUBLICAÇÃO, DISTRIBUIÇÃO, ETC.
Local de publicação, distribuição, etc. [S.l.]
Nome do editor, distribuidor, etc. Graphix, an imprint of Scholastic
Data da publicação, distribuição, etc. 2012
300 ## - DESCRIÇÃO FÍSICA
Extensão 187 p.
490 ## - TÍTULO DA SÉRIE
Título da série Amulet
697 ## - ENTRADA DE ASSUNTO LOCAL--ENTIDADE COLETIVA (RLIN)
Nome corporativo ou nome da jurisdição Graphic novels.
697 ## - ENTRADA DE ASSUNTO LOCAL--ENTIDADE COLETIVA (RLIN)
Nome corporativo ou nome da jurisdição Single parent families - Comic books, strips, etc - Fiction.
697 ## - ENTRADA DE ASSUNTO LOCAL--ENTIDADE COLETIVA (RLIN)
Nome corporativo ou nome da jurisdição Fantasy comics.
697 ## - ENTRADA DE ASSUNTO LOCAL--ENTIDADE COLETIVA (RLIN)
Nome corporativo ou nome da jurisdição Magic - Comic books, strips, etc - Fiction.
830 ## - ENTRADA SECUNDÁRIA DE SÉRIE--TÍTULO UNIFORME
Título uniforme Amulet
856 ## - LOCALIZAÇÃO ELETRÔNICA E ACESSO
Uniform Resource Identifier <a href="000002/0000024a.jpg">000002/0000024a.jpg</a>
942 ## - ELEMENTOS DE ENTRADA ADICIONADOS (KOHA)
Tipo de material Koha Livros
Fonte da classificação ou esquema de arquivamento na estante
Holdings
Situação do descarte Situação das perdas Fonte da classificação ou esquema de arquivamento na estante Situação física Não pode ser emprestado Biblioteca de origem Biblioteca atual Data de aquisição Total de empréstimos Código de barras Data de último acesso Data do último empréstimo Data do preço efetivo Tipo de material Koha Número de chamada completo Fonte de aquisição
          Canadian School of Niterói - Piratininga Canadian School of Niterói - Piratininga 09/02/2024 2 A17313 01/07/2024 20/06/2024 09/02/2024 Livros KIB  
    Classificação Decimal de Dewey     ECB - SUDOESTE ECB - SUDOESTE 31/03/2017 3 00029412SSW 06/06/2024 29/05/2024 23/01/2024 Livros    
    Classificação Decimal de Dewey     ECB - SUDOESTE ECB - SUDOESTE 26/12/2019 2 00047220SSW 15/05/2024 13/05/2024 23/01/2024 Livros Year 5 741 KIB  
    Classificação Decimal de Dewey     ECB - SUDOESTE ECB - SUDOESTE 26/12/2019 4 00047221SSW 05/06/2024 04/06/2024 23/01/2024 Livros Year 5 741 KIB  
    Classificação Decimal de Dewey     ECB - SUDOESTE ECB - SUDOESTE 14/05/2024   9788563220066 14/05/2024   14/05/2024 Livros Year 5 741 KIB Scholastic